00923naa#a2200193#i#4500001001500000005001700015100004100032102000700073200014600080210016900226215001000395608006000405675011200465700002600577700005200603700002800655700002800683856001800711RU\\bibl\1931820260418193008.6##a20260417b2026####ek#y0rusy0150####ca##aRU1#aСПОРТИВНЫЙ СТРЕСС, ТРЕНИРОВАННОСТЬ, ВЫНОСЛИВОСТЬeСтатья/тезисы конференции1#aВоронежcВоронежский государственный лесотехнический университет имени Г.Ф. Морозоваd2026##a5 с.##aСтатья/тезисы конференции2local##aПрочие вопросы организации и эксплуатации транспорта. 656.09#1aГорловgД. О.#1aБурцевgДмитрий Сергеевич#1aБурцеваgА. А.#1aНовиковgА. А.4#abibl.vgltu.ru